Prínos európskych ocenení k rozvoju spoločensky zodpovedného cestovného ruchu mesta

Analýza prínosu európskych ocenení k spoločensky zodpovednému rozvoju cestovného ruchu so zameraním na ocenenie "Európske hlavné mesto kultúry" a "Európske hlavné mesto/ mesto/ mestečko športu", ktoré sú na Slovensku najpopulárnejšie.

Guardado en:
Detalles Bibliográficos
Autor principal: Elexová, Ľudmila
Formato: Capítulo de libro
Lenguaje:eslovaco
Materias:
Etiquetas: Agregar Etiqueta
Sin Etiquetas, Sea el primero en etiquetar este registro!

MARC

LEADER 00000naa a2200000 4500
001 0226663
005 20231016081140.5
041 0 |a slo 
044 |a SK 
245 1 0 |a Prínos európskych ocenení k rozvoju spoločensky zodpovedného cestovného ruchu mesta  |c Ľudmila Elexová 
520 |a Analýza prínosu európskych ocenení k spoločensky zodpovednému rozvoju cestovného ruchu so zameraním na ocenenie "Európske hlavné mesto kultúry" a "Európske hlavné mesto/ mesto/ mestečko športu", ktoré sú na Slovensku najpopulárnejšie. 
610 2 0 |a manažment destinačný 
610 2 0 |a mestá 
610 2 0 |a Európska únia 
610 2 0 |a podnikanie zodpovedné 
610 2 0 |a ruch cestovný mestský 
100 1 |a Elexová, Ľudmila